Effect of direct seeding mulch-based cropping system on nitrogen content in the soil ឥទ្ទិពលប្រព័ន្ធដាំដុះលើដំណាំគម្របដីលើបរិមាណអាសូតក្នុងដី (Record no. 1131)

000 -LEADER
fixed length control field 00613nam a22001577a 4500
003 - CONTROL NUMBER IDENTIFIER
control field OSt
005 - DATE AND TIME OF LATEST TRANSACTION
control field 20150923141712.0
008 - FIXED-LENGTH DATA ELEMENTS--GENERAL INFORMATION
fixed length control field 150923b xxu||||| |||| 00| 0 eng d
040 ## - CATALOGING SOURCE
Transcribing agency RUA
082 ## - DEWEY DECIMAL CLASSIFICATION NUMBER
Classification number AGR PHE 2010 B046 Or.1
100 ## - MAIN ENTRY--PERSONAL NAME
9 (RLIN) 1187
Personal name PHEAP, SAMBO
245 ## - TITLE STATEMENT
Title Effect of direct seeding mulch-based cropping system on nitrogen content in the soil ឥទ្ទិពលប្រព័ន្ធដាំដុះលើដំណាំគម្របដីលើបរិមាណអាសូតក្នុងដី
260 ## - PUBLICATION, DISTRIBUTION, ETC. (IMPRINT)
Place of publication, distribution, etc. Phnom Penh
Name of publisher, distributor, etc. RUA
Date of publication, distribution, etc. 2010
300 ## - PHYSICAL DESCRIPTION
Extent ix, 40p.
Other physical details ill.
Dimensions 29cm.
942 ## - ADDED ENTRY ELEMENTS (KOHA)
Source of classification or shelving scheme
Koha item type AGR
Holdings
Price effective from Date last seen Permanent Location Not for loan Date acquired Source of classification or shelving scheme Koha item type Lost status Withdrawn status Total Renewals Date last checked out Total Checkouts Shelving location Damaged status Barcode Current Location Full call number
2015-09-232018-03-27Library Block B 2015-09-23 AGR   2018-03-062B046 RUA006262Library Block BAGR PHE 2010 B046 Or.1
2015-09-232016-02-16Library Block B 2015-09-23 AGR   2016-02-051B046 RUA006118Library Block BAGR PHE 2010 B046 Or.2
2015-09-232024-12-02Library Block B 2015-09-23 AGR  12024-11-209B046 RUA020236Library Block BAGR PHE 2010 B046 Or.3
2015-09-232022-10-31Library Block B 2015-09-23 AGR   2022-10-113B046 RUA006281Library Block BAGR PHE 2010 B046 Or.4
2015-09-232022-05-27Library Block B 2015-09-23 AGR  12022-04-064B046 RUA006785Library Block BAGR PHE 2010 B046 Or.5
មជ្ឈមណ្ឌលឯការនៃសាកលវិទ្យាល័យភូមិន្ទកសិកម្មចំការដូង

Powered by Koha